| 000 | 00946cam a2200229 4500 | ||
|---|---|---|---|
| 001 | 3255 | ||
| 005 | 20181127170853.0 | ||
| 008 | 081008s2007 nyu 000 0 eng | ||
| 010 | _a 2008300582 | ||
| 020 | _a0451530713 | ||
| 020 | _a9780451530714 | ||
| 100 | 1 |
_aO'Neill, Eugene, _d1888-1953. |
|
| 240 | 1 | 0 |
_aPlays. _kSelections |
| 245 | 1 | 0 |
_a4 plays / _cby Eugene O'Neill ; with an introduction by A.R. Gurney and a new afterword by Arthur and Barbara Gelb. _bBeyond the horizon the Emperor Jones Anna Christie the Hairy Ape. _cby Eugene O'Neill ; with an introduction by A.R. Gurney and a new afterword by Arthur and Barbara Gelb. |
| 246 | 3 | 0 | _aFour plays |
| 260 |
_aNew York : _bSignet Classics, _c2007. |
||
| 300 |
_axviii, 317 p. ; _c18 cm. |
||
| 505 | 0 | 0 | _aBeyond the horizon -- Emperor Jones -- Anna Christie -- Hairy ape. |
| 700 | 1 |
_aGelb, Arthur, _d1924- |
|
| 700 | 1 | _aGelb, Barbara. | |
| 700 | 1 |
_aGurney, A. R. _q(Albert Ramsdell), _d1930- |
|
| 999 |
_c2632 _d2632 |
||